00617cam a22002291 4500001001300000003000400013005001700017008004100034010001700075035001900092040001800111042001200129050001600141082001300157100002800170245003500198260003500233300003600268504003000304651003600334999001700370sa 67002638 DLC20260227112332.0760206s1966 xx 000 0 eng  asa 67002638  a(OCoLC)1972231 aDLCcTNJdDLC apremarc00aJQ1611b.M8 a320.9/521 aMukherjee, Asoke Kumar.14aThe Japanese political system. aCalcutta,bWorld Press,c1966. avii, 165 p.bfold. map.c23 cm. aBibliography: p. 161-162. 0aJapanxPolitics and government. c73345d73345